| 000 | 01053nam a2200241 a 4500 | ||
|---|---|---|---|
| 001 | 000000309 | ||
| 005 | 20200929145324.0 | ||
| 008 | 081209s2008 dr ab 000 0 spa d | ||
| 040 |
_aDO-SdBNP _bspa _cBNPHU |
||
| 082 |
_a362.2 _bI43s |
||
| 245 | 1 | 0 | _aInforme sobre el sistema de salud mental en República Dominicana. |
| 260 |
_aSanto Domingo : _bSESPAS: OPS/OMS, _c2008. |
||
| 300 |
_a52 p. : _bil., map. ; _c25 cm. |
||
| 590 | _aInventariado, 2018/ YL | ||
| 504 | _aBibliografía : p. 53-54 | ||
| 500 | _aInforme de la evaluación del sistema de salud mental en República Dominicana utilizando el instrumento de evaluación para sistemas de salud mental de la OMS (IESM-OMS) | ||
| 650 | 4 |
_aSalud mental _zRepública Dominicana _91052 |
|
| 650 | 4 |
_aSistema de salud _zRepública Dominicana _91053 |
|
| 710 | 1 |
_aRepública Dominicana _bSecretaria de Estado de Salud y Asistencia Social _91054 |
|
| 710 | 2 |
_aOrganización Panamericana de la Salud _91055 |
|
| 710 | 2 |
_aOrganización Mundial de la Salud _91056 |
|
| 910 | _aValidado. Control de calidad MFF | ||
| 999 |
_c308 _d308 |
||